Jujutsu Shenanigans - Move set quiz - Statistics

General Stats
  • This quiz has been taken 148 times
  • The average score is 42 of 135
Answer Stats
Character Move % Correct
Honored One (Base 1) Lapse Blue
88%
Honored One (Base 2) Reversal Red
86%
Honored One (Ult 4) Infinite Void
82%
Honored One (Ult 3) Hollow Purple
79%
Honored One (Base 4) Twofold Kick
72%
Honored One (Base 3) Rapid Punches
67%
Honored One (Ult 2) Reversal Red MAX
65%
Honored One (Ult 1) Lapse Blue MAX
64%
Vessel (Base 3) Divergent Fist
58%
Vessel (Base 4) Manji Kick
58%
Vessel (Ult 4) Malevolent Shrine
57%
Vessel (Base 1) Cursed Strikes
56%
Vessel (Ult 1) Dismantle
56%
Vessel (Ult 2) Open
54%
Vessel (Ult 3) Rush
54%
Ten Shadows (Base 2) Nue
51%
Restless Gambler (Base 2) Shutter Doors
51%
Vessel (Base 2) Crushing Blow
50%
Ten Shadows (Ult 4) Mahoraga
49%
Ten Shadows (Base 3) Toad
49%
Honored One (R) Limitless
47%
Ten Shadows (Ult 1) Max Elephant
47%
Ten Shadows (Base 1) Rabbit Escape
47%
Restless Gambler (Base 1) Reserve Balls
44%
Restless Gambler (Base 3) Rough Energy
44%
Perfection (Ult+G) Black Flash
42%
Blood Manipulator (Base 1) Piercing Blood
42%
Mahoraga (Green 4) Adaptation
40%
Ten Shadows (Base 4) Divine Dog: Totality
40%
Ten Shadows (Ult 2) Great Serpent
40%
Restless Gambler (Ult 2) Lucky Rushdown
40%
Honored One (Ult Variant) 0.2 Second Domain
39%
Restless Gambler (Base 4) Fever Breaker
39%
Cursed Partners (R) Rika
38%
Vessel (Ult Special) World Cutting Slash
38%
Switcher (R) Boogie Woogie
36%
Ten Shadows (Ult 3 Variant) Chimera Shadow Garden
36%
Vessel (R) Feint
36%
Perfection (Ult ) Idle Transfiguration
36%
Switcher (Base 3) Pebble Throw
36%
Ten Shadows (Ult 3) Shadow Swarm
36%
Blood Manipulator (Base 3) Supernova
36%
Switcher (Base 1) Swift Kick
36%
Blood Manipulator (Ult 3) Blood Rain
35%
Perfection (Base ) Body Repel
35%
Switcher (Ult 4) Brothers
35%
Mahoraga (1) Divine Pummel
33%
Mahoraga (3) Earthquake
33%
Cursed Partners (Rika Base 3) Rika Throw
33%
Mahoraga (Red 4) Takedown
33%
Cursed Partners (Ult 2) Copy
32%
Restless Gambler (Ult 4) Energy Surge
32%
Restless Gambler (Ult 1) Lucky Volley
32%
Restless Gambler (Ult 3) Overwhelming Luck
32%
Blood Manipulator (Ult 2) Wing King
32%
Perfection (Super Ult ) Head Splitter
31%
Cursed Partners (Rika Base 4) Rika Haymaker
31%
Perfection (Base ) Soul Fire
31%
Cursed Partners (Ult 3) True love Beam
31%
Switcher (Base 2) Brute Force
29%
Blood Manipulator (Ult 4) Plasma Wave
29%
Cursed Partners (Rikka Ult 4) Rika Grab
29%
Mahoraga (Blue 4) World Slash
29%
Cursed Partners (Ult 4) Authentic Mutual Love
28%
Defense Attorney (Ult 1) Execution
28%
Blood Manipulator (Base 2) Flowing Red Scale
28%
Cursed Partners (Rika Base 1) Rika Downslam
28%
Blood Manipulator (R) Convergence
26%
Perfection (Base ) Focus Strike
26%
Blood Manipulator (Base 4) Blood Edge
25%
Switcher (Ult 3) Dreams
25%
Switcher (Base 4) Elbow Drop
25%
Perfection (Super Ult ) Widespread Strikes
25%
Perfection (Ult ) Body Disfigure
24%
Perfection (Ult ) Embodiment of Self Perfection
24%
Perfection (Super Ult ) Face Blitz
24%
Star Rage (Base 4) Garuda Stab
24%
Switcher (Ult 1) Idols Debut
24%
Cursed Partners (Ult 4 Variant) Jacobs Ladder
24%
Head of the Hei (Base 1) Projection Breaker
24%
Cursed Partners (Rika Base 2) Rika Launch
24%
Cursed Partners (Rikka Ult 3) Rika Slam
24%
Perfection (Ult ) Spike Wrath
24%
Defense Attorney (Base 4) Twirling Strikes
24%
Head of the Hei (Base 2) Bleedout
22%
Perfection (Super Ult ) Crushing Rushdown
22%
Cursed Partners (Ult 1) Elbow Rush
22%
Restless Gambler (Ult R) Rhythm
22%
Perfection (Base ) Stockpile
22%
Head of the Hei (Base 3) Decisive Strike
21%
Mahoraga (2) Ground Pitch
21%
Star Rage (Base 3) Mass Breaker
21%
Head of the Hei (R) Projection Sorcery
21%
Cursed Partners (Base 4) Revolve
21%
Locust Guy (Base 2) Black Mucus
19%
Locust Guy (Base 1) Clever
19%
Switcher (Ult 2) Climax Jumping
19%
Defense Attorney (Ult R) Domain Amplification
19%
Perfection (R) Self Transfiguration
19%
Aspiring Mangaka (Base 2) Shut Up!
19%
Blood Manipulator (Ult 1) Slicing Exorcism
19%
Puppet Master (Base 3) Ultra Cannon
19%
Cursed Partners (Base 3) Veilstep
19%
Restless Gambler (Base R) Door Counter
18%
Star Rage (Base 1) Garuda Rebound
18%
Puppet Master (Base 4) Puppet Barrage
18%
Honored One (Ult Special) Purple Nuke
18%
Defense Attorney (Ult 3) Verdict
18%
Locust Guy (Base 4) Wing Throw
18%
Locust Guy (Base 3) Crushing Jaws
17%
Defense Attorney (Ult 2) Final Judgement
17%
Ten Shadows (R) Lurking Shadow
17%
Cursed Partners (Base 2) Resolute Slash
17%
Defense Attorney (Ult 4) Triple Sentence
17%
Puppet Master (Base 2) Boost On
15%
Aspiring Mangaka (Base 1) Despair
15%
Aspiring Mangaka (Base 3) Eye Catching
15%
Defense Attorney (Base 2) Justice Served
15%
Defense Attorney (Base R) No Escape
15%
Cursed Partners (Base 1) Severing Path
15%
Star Rage (Base 2) Rising Rage
14%
Puppet Master (Base 1) Ultra Spin
14%
Star Rage (G) Unrestricted Density
14%
Mahoraga (G+R) Adaptation Wheel
13%
Aspiring Mangaka (R) Clairvoyance
13%
Locust Guy (G) Directed Poison
13%
Defense Attorney (Base 1) Extended Swings
13%
Defense Attorney (Base 3) Judgements Reach
13%
Head of the Hei (Base 4) Cursory Impact
11%
Puppet Master (R) Offload
11%
Aspiring Mangaka (Base 4) Sacrilege
11%
Locust Guy (R) Fluttering Pounce
7%
Star Rage (R) Mass Buildup
7%
Ten Shadows (Ult G) Switch Movesets
7%
Aspiring Mangaka (G) Foreseight
6%
No matching quizzes found
Score Distribution
Percent of People with Each Score
Percentile by Number Answered
Your Score History
You have not taken this quiz